| Tag |
First Indicator |
Second Indicator |
Subfields |
| LEADER |
00000cam a2200000 a 4500 |
| 001 |
in00001409952 |
| 005 |
20151020070430.0 |
| 008 |
960828s1996 nyua c 001 0 eng d |
| 010 |
|
|
|a 96069702
|
| 020 |
|
|
|a 0689809514
|
| 035 |
|
|
|a (OCoLC)35868329
|
| 035 |
|
|
|9 AHP8890AM
|
| 040 |
|
|
|a OCo
|c DLC
|d UtOrBLW
|
| 042 |
|
|
|a lccopycat
|
| 049 |
|
|
|a TXAG
|
| 050 |
0 |
0 |
|a GB58
|b .M35 1996
|
| 082 |
0 |
0 |
|a 910/.02
|2 21
|
| 100 |
1 |
|
|a Malam, John,
|d 1957-
|
| 245 |
1 |
0 |
|a Highest, longest, deepest :
|b a fold-out guide to the world's record breakers /
|c written by John Malam ; illustrated by Gary Hincks.
|
| 250 |
|
|
|a 1st American ed.
|
| 264 |
|
1 |
|a New York :
|b Simon & Schuster Books For Young Readers,
|c 1996.
|
| 300 |
|
|
|a 41 pages :
|b color illustrations ;
|c 30 cm.
|
| 336 |
|
|
|a text
|b txt
|2 rdacontent
|
| 337 |
|
|
|a unmediated
|b n
|2 rdamedia
|
| 338 |
|
|
|a volume
|b nc
|2 rdacarrier
|
| 500 |
|
|
|a "An exploration of the world's most fantastic features, with foldout landscapes"--Cover.
|
| 500 |
|
|
|a Includes index.
|
| 650 |
|
0 |
|a Physical geography
|v Juvenile literature.
|
| 651 |
|
1 |
|a Earth.
|
| 650 |
|
1 |
|a Geography.
|
| 700 |
1 |
|
|a Hincks, Gary,
|e illustrator.
|
| 948 |
|
|
|a c:en
|
| 999 |
|
|
|a MARS
|
| 999 |
f |
f |
|s 6251c158-690b-3b24-ba86-0f6d3e2316de
|i 3cd675d3-c1a7-3331-a93f-87fc8a4e1981
|t 0
|
| 952 |
f |
f |
|p normal
|a Texas A&M University
|b College Station
|c Sterling C. Evans Library
|d Evans: Curriculum Collection (4th floor)
|t 0
|e GB58 .M35 1996
|h Library of Congress classification
|i unmediated -- volume
|m A14822370127
|
| 998 |
f |
f |
|a GB58 .M35 1996
|t 0
|l Evans: Curriculum Collection (4th floor)
|